000 00347nam a2200133Ia 4500
008 230917s9999||||xx |||||||||||||| ||und||
040 _e90098
_aMAIN
041 _aEnglish
082 _a301.35 G341S
100 _aGhangas, Sham Singh
245 0 _aSocial, economic and political: study of a Haryana village-Bandh
300 _a95 p.
942 _cTH
999 _c72449
_d72449